| 000 | 004210000a22001570004500 | ||
|---|---|---|---|
| 001 | 002524 | ||
| 003 | MACL | ||
| 040 | _aMACL | ||
| 090 |
_c14517 _d14516 |
||
| 100 | _aSen, A.N. | ||
| 245 |
_aThe Rule of Contempt of Court And The Role of Journalists And Their Social Obligations _cA.N. Sen |
||
| 260 |
_aCalcutta Journalists Club, _c2000 |
||
| 350 | _a20 | ||
| 650 | _aJournalism,Publishing newspaper | ||
| 942 |
_k70 _cBook |
||
| 999 |
_c14434 _d14434 |
||